000 00586nam a2200193 4500
001 143824
003 ES-MaACL
005 20230906200901.0
007 t|
008 070214s1920 xxk r ||||1| eng d
100 1 _aSheppard, J. T.
_9106091
245 1 0 _aGreek tragedy /
_cJ. T. Sheppard.
260 _aCambridge :
_bUniversity Press,
_c1920.
300 _aVI, 160 p. :
_bil. ;
_c16 cm.
490 1 _aThe Cambridge manuals of science and literature
830 0 _aThe Cambridge manuals of science and literature
_9181538
852 _aES-MaACL
_jD-3301
999 _c143824
_d143824